00997naa#a2200289#i#4500001001600000005001700016011001400033100004100047101000800088102000700096200007400103210004800177215001100225608002700236675011000263686005800373700003600431700002700467700002500494700002200519700002700541700002700568700003800595700002100633700003300654856002000687EN\\bibl\11978520260630035833.2##a2077-7566##a20260629b2026####ek#y0engy0150####ca0#aRUS##aRU1#aON THE ISSUE OF COMPLICATIONS OF DENTAL IMPLANTATIONeJournal article1#aEkaterinburgcTIRAZH Publishing Housed2026##a12 с.##aJournal article2local##aСтоматология. Заболевания ротовой полости и зубов. 616.31zRUS##aКлиническая медицина. 76.292grnti#1aMokrenkogEvgeniy Vladimirovich#1aGalonskygVladislav G.#1aMakarchukgTikhon M.#1aAleshkingIgor G.#1aPeretolchingNikita O.#1aBesschastnyygDenis S.#1aGazinskiygVladimir Vladimirovich#1aNikitingOleg N.#1aMakarovagPolina Anatol'evna4#adental-press.ru